| 000 | 01033cam a2200229 4500 | ||
|---|---|---|---|
| 005 | 20251017153332.0 | ||
| 008 | 090401t1991 xxu||||| |||| 00| 0 eng d | ||
| 020 | _a0415044898 | ||
| 035 | _a(Sirsi) u27534 | ||
| 041 | _aeng | ||
| 050 | _a331.481333 | ||
| 100 | _aGreed, Clara | ||
| 245 |
_aSurveying sisters _bwomen in a traditional male profession |
||
| 260 |
_aLondon _bRoutledge _c1991 |
||
| 300 |
_aix, 242p. _c22cm. |
||
| 350 | _a10.99 | ||
| 520 | _aInvestigates the position of women in surveying education and practice. Part one considers the perceptions and position of women chartered surveyors. Part two takes a historical perspective. Part three describes current education and practice. Part four examines implications for the built environment and the surveying profession. Appendices include RICS membership figures in 1989 and a comparison with other professions. | ||
| 650 | _aEBOOK | ||
| 690 | _aCAREERS, EDUCATION AND TRAINING-RICS RAISING THE RATIO CAMPAIGN | ||
| 942 |
_n0 _2ddc |
||
| 948 | _c04/03/1997 | ||
| 999 |
_c89123 _d89123 |
||